|
|
|
|
| LEADER |
01789nam a2200409 i 4500 |
| 001 |
EBC5061570 |
| 003 |
MiAaPQ |
| 005 |
20200520144314.0 |
| 006 |
m o d | |
| 007 |
cr cnu|||||||| |
| 008 |
171021t20172017enk ob 001 0 eng d |
| 020 |
|
|
|z 9781786301031
|
| 020 |
|
|
|a 9781119341055
|q (electronic bk.)
|
| 035 |
|
|
|a (MiAaPQ)EBC5061570
|
| 035 |
|
|
|a (Au-PeEL)EBL5061570
|
| 035 |
|
|
|a (CaPaEBR)ebr11447571
|
| 035 |
|
|
|a (OCoLC)1005104174
|
| 040 |
|
|
|a MiAaPQ
|b eng
|e rda
|e pn
|c MiAaPQ
|d MiAaPQ
|
| 050 |
|
4 |
|a HD60
|b .P455 2017
|
| 082 |
0 |
|
|a 658.408
|2 23
|
| 100 |
1 |
|
|a Pelle, Sophie,
|e author.
|
| 245 |
1 |
0 |
|a Business, innovation and responsibility /
|c Sophie Pelle.
|
| 264 |
|
1 |
|a London, England ;
|a Hoboken, New Jersey :
|b iSTE :
|b Wiley,
|c 2017.
|
| 264 |
|
4 |
|c 2017
|
| 300 |
|
|
|a 1 online resource (187 pages).
|
| 336 |
|
|
|a text
|2 rdacontent
|
| 337 |
|
|
|a computer
|2 rdamedia
|
| 338 |
|
|
|a online resource
|2 rdacarrier
|
| 490 |
0 |
|
|a Cognitive Science Series: Responsible Research and Innovation Set ;
|v Volume 7
|
| 504 |
|
|
|a Includes bibliographical references and index.
|
| 588 |
|
|
|a Description based on print version record.
|
| 590 |
|
|
|a Electronic reproduction. Ann Arbor, MI : ProQuest, 2016. Available via World Wide Web. Access may be limited to ProQuest affiliated libraries.
|
| 650 |
|
0 |
|a Social responsibility of business.
|
| 655 |
|
4 |
|a Electronic books.
|
| 776 |
0 |
8 |
|i Print version:
|a Pelle, Sophie.
|t Business, innovation and responsibility.
|d London, England ; Hoboken, New Jersey : iSTE : Wiley, c2017
|h xix, 158 pages
|k Cognitive Science Series: Responsible Research and Innovation Set ; Volume 7
|z 9781786301031
|w 2017945467
|
| 797 |
2 |
|
|a ProQuest (Firm)
|
| 856 |
4 |
0 |
|u https://ebookcentral.proquest.com/lib/matrademy/detail.action?docID=5061570
|z Click to View
|